LEADER 01144nam a2200253 i 4500 001 000000242742 003 CaOOAMICUS 005 20150615000000.0 008 150615s2013 it u000 u ita u 013 $a221647 040 $aSeMil$bita 100 1 $aRiserbato, Davide.$0(OLS)http://semarc/name/8136 245 10$aDuns Scoto :$bfisica, metafisica e teologia. Saggi sul sacramento dell'altare e l'unione ipostatica /$cDavide Riserbato. 260 $aFrigento (AV) :$bCasa mariana,$c2013. 300 $a229 p. ;$c21 cm. 490 0 $aCollana di studi scotisti ;$v1 500 $aContiene : Bibliografia. 650 4$aDuns Scoto, Giovanni <1265-1308>.$0(OLS)http://semarc/subject/148 830 0$aCollana di studi scotisti ;$v1.$0(OLS)http://semarc/title/43465 850 $aSeMil 852 $aSeMil$W1$xVenegono$y1$m2D II 324$j193088$B193088$CSeMilBibl$Z2$F203978 $81 961 $aOmaggio: Viotto Piero 996 $6245$aDuns Scoto :$bfisica, metafisica e teologia. Saggi sul sacramento dell'altare e l'unione ipostatica$9(OLS)http://semarc/title/344532 996 $6260$aFrigento (AV) :$bCasa mariana$9(OLS)http://semarc/publisher/34864 LEADER 01074nam a2200241 i 4500 001 000000107936 003 CaOOAMICUS 005 20030131000000.0 008 030131s1982 it u000 u ita u 013 $a80466 040 $aSeMil$bita 245 14$a[La direzione spirituale oggi :$b2. Seminario di studio per presbiteri e laici]. 260 $a[S.l. :$bs.n.,$c1982?] 300 $a91 p. ;$c21 cm. 500 $aSulla coperta : Baccetti, Scabini, Gervasio, Rollando, Imberti. - Fondo Card. C.M. Martini. 650 4$aDirezione spirituale - Storia.$0(OLS)http://semarc/subject/2587 700 1 $aSeminario di studio per presbiteri e laici <2. ; 1982 ; Sestri Levante>.$0(OLS)http://semarc/name/45387 850 $aSeMil 852 $aSeMil$W1$xVenegono$y1$m2C III 431$j64032$B64032$CSeMilBibl$Z2$F87066 $81 941 1 $a4 961 $aOmaggio: Martini Card. Carlo Maria 996 $6245$a[La direzione spirituale oggi :$b2. Seminario di studio per presbiteri e laici]$9(OLS)http://semarc/title/156528 996 $6260$a[S.l. :$bs.n.$9(OLS)http://semarc/publisher/31686